| 000 | 00742nam a22002535i 4500 | ||
|---|---|---|---|
| 001 | 20700730 | ||
| 003 | OSt | ||
| 005 | 20240221111354.0 | ||
| 008 | 181010s2019 nju 000 0 eng | ||
| 010 | _a 2018960812 | ||
| 020 | _a9780691191195 (hardcover : alk. paper) | ||
| 040 |
_aDLC _beng _erda _cDLC |
||
| 042 | _apcc | ||
| 082 |
_a720.92 _bZEU |
||
| 100 | 1 |
_aZeuler, R. M. de A. Lima. _9121026 |
|
| 245 | 1 | 0 |
_aLina Bo Bardi, drawings / _cR. M. de A. Lima Zeuler. |
| 263 | _a1904 | ||
| 300 | _a130 p.; | ||
| 650 |
_aWomen architects _9121027 |
||
| 906 |
_a0 _bibc _corignew _d2 _eepcn _f20 _gy-gencatlg |
||
| 942 |
_2ddc _cBK _aSADA _k720.92 ZEU 2019 |
||
| 999 |
_c607984 _d607984 |
||